Traffic violation detection and notification system / (Record no. 217257)

000 -LEADER
fixed length control field 00755 a2200193 4500
003 - CONTROL NUMBER IDENTIFIER
control field NUST
005 - DATE AND TIME OF LATEST TRANSACTION
control field 20251219142359.0
040 ## - CATALOGING SOURCE
Transcribing agency Nust
082 ## - DEWEY DECIMAL CLASSIFICATION NUMBER
Classification number 621.382,ALI
100 ## - MAIN ENTRY--PERSONAL NAME
Personal name NC Cheema Muhammad Hamza (TE-48)
9 (RLIN) 132500
245 ## - TITLE STATEMENT
Title Traffic violation detection and notification system /
Statement of responsibility, etc. NC Muhammad Hamza Cheema, NC Samar Ali Khan and NC Ahmad Usman.
260 ## - PUBLICATION, DISTRIBUTION, ETC.
Place of publication, distribution, etc. Rawalpindi
Name of publisher, distributor, etc. MCS (NUST)
Date of publication, distribution, etc. June-2015
300 ## - PHYSICAL DESCRIPTION
Extent xiv; 61p.;
505 ## - FORMATTED CONTENTS NOTE
Formatted contents note Introduction (Page-1), Literature Review (Page-7), System Design and Development (Page-12), Project Analysis and Evaluation (Page-29), Future Work and Conclusion (Page-40).
650 ## - SUBJECT ADDED ENTRY--TOPICAL TERM
Topical term or geographic name entry element UG Project
9 (RLIN) 131132
651 ## - SUBJECT ADDED ENTRY--GEOGRAPHIC NAME
Geographic name TE-48
700 ## - ADDED ENTRY--PERSONAL NAME
Personal name Supervised by Dr. Adil Masood Siddique
9 (RLIN) 132501
942 ## - ADDED ENTRY ELEMENTS (KOHA)
Koha item type Project Report
Source of classification or shelving scheme
Holdings
Withdrawn status Lost status Source of classification or shelving scheme Damaged status Not for loan Permanent Location Current Location Shelving location Date acquired Full call number Barcode Date last seen Price effective from Koha item type Public note
          Military College of Signals (MCS) Military College of Signals (MCS) Reference 12/12/2016 621.382,ALI MCSPTC-259 12/08/2016 12/12/2016 Project Report Almirah No. 94, Shelf No. 5
© 2023 Central Library, National University of Sciences and Technology. All Rights Reserved.